Retirement planning handbook (Record no. 573584)

000 -LEADER
fixed length control field 00476nam a22001937a 4500
003 - CONTROL NUMBER IDENTIFIER
control field CEME
005 - DATE AND TIME OF LATEST TRANSACTION
control field 20210628203424.0
008 - FIXED-LENGTH DATA ELEMENTS--GENERAL INFORMATION
fixed length control field 210114b xxu||||| |||| 00| 0 eng d
020 ## - INTERNATIONAL STANDARD BOOK NUMBER
International Standard Book Number 0-273-65493-4
040 ## - CATALOGING SOURCE
Transcribing agency .
082 ## - DEWEY DECIMAL CLASSIFICATION NUMBER
Classification number 332.024 RET
100 ## - MAIN ENTRY--PERSONAL NAME
Personal name Bertram, David
9 (RLIN) 65337
245 ## - TITLE STATEMENT
Title Retirement planning handbook
250 ## - EDITION STATEMENT
Edition statement 8TH
260 ## - PUBLICATION, DISTRIBUTION, ETC.
Place of publication, distribution, etc. GREAT BRITAIN
Name of publisher, distributor, etc. CP
Date of publication, distribution, etc. 2002
300 ## - PHYSICAL DESCRIPTION
Extent XII,330P
650 ## - SUBJECT ADDED ENTRY--TOPICAL TERM
Topical term or geographic name entry element RETIREMENT PLANNING HANDBOOK
9 (RLIN) 65338
942 ## - ADDED ENTRY ELEMENTS (KOHA)
Koha item type Book
Source of classification or shelving scheme
Holdings
Withdrawn status Lost status Damaged status Not for loan Permanent Location Current Location Shelving location Date acquired Total Checkouts Full call number Barcode Date last seen Price effective from Koha item type
        College of Electrical & Mechanical Engineering (CEME) College of Electrical & Mechanical Engineering (CEME) General Stacks 07/27/2017   332.024 RET CEME-45000 06/28/2021 06/28/2021 Book
        College of Electrical & Mechanical Engineering (CEME) College of Electrical & Mechanical Engineering (CEME) General Stacks 07/27/2017   332.024 RET CEME-44999 06/28/2021 06/28/2021 Book
© 2023 Central Library, National University of Sciences and Technology. All Rights Reserved.